[Event "1st Grand Prix 2019, ((tie-break)) 2019"]
[Site "Moscow RUS"]
[Date "2019.05.19"]
[Round "1"]
[White "So, Wesley"]
[Black "Duda, Jan-Krzysztof"]
[Result "1-0"]
[WhiteElo "2754"]
[BlackElo "2728"]
[PlyCount "87"]
[EventDate "2019.05.17"]

1. e4 e5 2. Nf3 Nc6 3. Bc4 Bc5 4. c3 Nf6 5. d3 d6 6. O-O O-O 7. Re1 a5 8. Nbd2
Be6 9. Bb5 Ne7 10. d4 Ba7 11. Nf1 Ng6 12. Ng3 c6 13. Bd3 a4 14. h3 b5 15. Be3
Bb6 16. Qd2 Re8 17. a3 Rb8 18. Rad1 Bc7 19. Bc2 h6 20. Nf5 Bxf5 21. exf5 Nf8
22. dxe5 dxe5 23. Qxd8 Rbxd8 24. c4 N8d7 25. g4 Rb8 26. cxb5 cxb5 27. Kg2 Nb6
28. Bxb6 Rxb6 29. Be4 Bd6 30. Re2 Kf8 31. Bc2 e4 32. Nd2 Be5 33. Rb1 Rc6 34.
Bxe4 Bd4 35. Nf3 Bxf2 36. Bxc6 Rxe2 37. Bxb5 Re3 38. Kxf2 Rb3 39. Bxa4 Ne4+ 40.
Kg2 Rb8 41. Bc2 Nd6 42. b4 Rc8 43. Bb3 Rc3 44. a4 1-0

[Event "1st Grand Prix 2019, ((tie-break)) 2019"]
[Site "Moscow RUS"]
[Date "2019.05.19"]
[Round "1"]
[White "Radjabov, Teimour"]
[Black "Nakamura, Hikaru"]
[Result "1/2-1/2"]
[WhiteElo "2759"]
[BlackElo "2761"]
[PlyCount "60"]
[EventDate "2019.05.17"]

1. d4 Nf6 2. c4 e6 3. Nf3 d5 4. Nc3 Be7 5. Bf4 O-O 6. e3 c5 7. dxc5 Bxc5 8.
cxd5 Nxd5 9. Nxd5 exd5 10. Bd3 Bb4+ 11. Nd2 d4 12. Qc2 Nc6 13. O-O dxe3 14.
Bxe3 h6 15. Nf3 Bg4 16. Bh7+ Kh8 17. Be4 Rc8 18. Bf5 Bxf5 19. Qxf5 Qa5 20. Qd7
Rc7 21. Qh3 Re8 22. Rad1 Bf8 23. Bf4 Rce7 24. a3 Qb5 25. b4 a5 26. Bd6 Re6 27.
Bxf8 Rxf8 28. bxa5 Qxa5 29. Rd7 Rf6 30. Rxb7 Qxa3 1/2-1/2

[Event "1st Grand Prix 2019, ((tie-break)) 2019"]
[Site "Moscow RUS"]
[Date "2019.05.19"]
[Round "1"]
[White "Duda, Jan-Krzysztof"]
[Black "So, Wesley"]
[Result "1/2-1/2"]
[WhiteElo "2728"]
[BlackElo "2754"]
[PlyCount "144"]
[EventDate "2019.05.17"]

1. e4 e5 2. Nf3 Nc6 3. Bc4 Bc5 4. c3 Nf6 5. d3 O-O 6. a4 d5 7. exd5 Nxd5 8. a5
a6 9. Nbd2 f6 10. Ne4 Ba7 11. Qb3 Nce7 12. O-O Kh8 13. h3 b5 14. axb6 cxb6 15.
d4 exd4 16. Nxd4 b5 17. Bd3 b4 18. Rd1 bxc3 19. bxc3 Rb8 20. Qa3 Bxd4 21. cxd4
Nc6 22. Bc4 Ncb4 23. Qg3 Rb6 24. Nc5 Qd6 25. Qf3 Rd8 26. Bb3 Be6 27. Re1 Bg8
28. Re4 a5 29. Bd2 Nc6 30. Bxa5 Ra8 31. Bc3 Rab8 32. Bc2 Ndb4 33. Ba4 Bd5 34.
Qf4 Qxf4 35. Rxf4 Ra8 36. Re1 h6 37. Rg4 Na2 38. Bd2 Rb2 39. Bxh6 gxh6 40. Bxc6
Bxc6 41. Re6 h5 42. Rg3 Nc1 43. Rxc6 Ne2+ 44. Kh2 Nxg3 45. Kxg3 h4+ 46. Kxh4
Rxf2 47. g4 Kg7 48. Kg3 Rd2 49. Rxf6 Ra3+ 50. Rf3 Rxf3+ 51. Kxf3 Kf7 52. Kf4
Rxd4+ 53. Ne4 Ke6 54. Ke3 Rd1 55. h4 Ke5 56. Ng5 Re1+ 57. Kf3 Ra1 58. Nf7+ Kf6
59. Nd6 Ke5 60. Nc4+ Kd4 61. Nd6 Ke5 62. Nf7+ Kf6 63. Nd6 Ke5 64. Nc4+ Kd4 65.
Nd2 Ke5 66. g5 Kf5 67. Nc4 Kg6 68. Ne3 Ra3 69. Kf4 Ra4+ 70. Kg3 Ra3 71. Kf4
Ra4+ 72. Kg3 Ra3 1/2-1/2

[Event "1st Grand Prix, Knockout 2019"]
[Site "Moscow RUS"]
[Date "2019.05.20"]
[Round "2"]
[White "Nakamura, Hikaru"]
[Black "Dubov, Daniil"]
[Result "1/2-1/2"]
[WhiteElo "2761"]
[BlackElo "2690"]
[PlyCount "55"]
[EventDate "2019.05.17"]

1. c4 Nf6 2. Nc3 c5 3. g3 e6 4. Nf3 d5 5. cxd5 exd5 6. d4 Nc6 7. Bg2 cxd4 8.
Nxd4 Bc5 9. Nb3 Bb6 10. O-O d4 11. Na4 O-O 12. Bg5 Re8 13. Nxb6 axb6 14. e3 d3
15. Bxf6 gxf6 16. a3 Be6 17. Rc1 Rc8 18. Rc3 Ne5 19. Nd4 Rxc3 20. bxc3 Qc7 21.
Qd2 Bd7 22. Re1 Rc8 23. Rc1 Qc5 24. f4 Nc4 25. Qxd3 Qxa3 26. Rb1 Nd6 27. Ne2
Bf5 28. e4 1/2-1/2

[Event "1st Grand Prix, Knockout 2019"]
[Site "Moscow RUS"]
[Date "2019.05.20"]
[Round "2"]
[White "Grischuk, Alexander"]
[Black "So, Wesley"]
[Result "1/2-1/2"]
[WhiteElo "2772"]
[BlackElo "2754"]
[PlyCount "56"]
[EventDate "2019.05.17"]

1. d4 Nf6 2. c4 e6 3. Nf3 d5 4. Nc3 Be7 5. Bf4 O-O 6. e3 b6 7. cxd5 Nxd5 8.
Nxd5 Qxd5 9. Be2 Qa5+ 10. Nd2 Ba6 11. O-O c5 12. Nc4 Bxc4 13. Bxc4 cxd4 14.
exd4 Nc6 15. d5 exd5 16. Qxd5 Qxd5 17. Bxd5 Rac8 18. Rad1 Rfd8 19. g3 Bf6 20.
Kg2 h5 21. b3 g5 22. Be3 Nb4 23. Bb7 Rc7 24. Rxd8+ Bxd8 25. Rd1 Bf6 26. Bf3 g4
27. Be2 Nxa2 28. Bf4 Rc2 1/2-1/2

[Event "1st Grand Prix, Knockout 2019"]
[Site "Moscow RUS"]
[Date "2019.05.20"]
[Round "2"]
[White "Wei, Yi"]
[Black "Nepomniachtchi, Ian"]
[Result "1/2-1/2"]
[WhiteElo "2736"]
[BlackElo "2773"]
[PlyCount "62"]
[EventDate "2019.05.17"]

1. e4 c5 2. Nf3 d6 3. Bb5+ Nd7 4. d4 cxd4 5. Qxd4 a6 6. Bxd7+ Bxd7 7. Nc3 e5 8.
Qd3 h6 9. Nd2 Rc8 10. Nc4 Be6 11. Ne3 Nf6 12. O-O Be7 13. a4 O-O 14. a5 Qd7 15.
Bd2 Bd8 16. Ncd5 Nxd5 17. exd5 Bg4 18. f4 exf4 19. Nxg4 Qxg4 20. Bxf4 Re8 21.
Rf3 Bf6 22. c3 Be5 23. h3 Qh4 24. Ra4 Bxf4 25. Raxf4 Qe1+ 26. Rf1 Qe2 27. Qxe2
Rxe2 28. Rb4 Rc7 29. Rf2 Re1+ 30. Rf1 Re2 31. Rf2 Re1+ 1/2-1/2

[Event "1st Grand Prix, Knockout 2019"]
[Site "Moscow RUS"]
[Date "2019.05.20"]
[Round "2"]
[White "Svidler, Peter"]
[Black "Wojtaszek, Radoslaw"]
[Result "1/2-1/2"]
[WhiteElo "2739"]
[BlackElo "2724"]
[PlyCount "39"]
[EventDate "2019.05.17"]

1. e4 c5 2. Nf3 d6 3. Bb5+ Nd7 4. O-O a6 5. Bd3 Ngf6 6. Re1 e6 7. a4 b6 8. c3
Bb7 9. Na3 Qc7 10. Qe2 Be7 11. Bb1 O-O 12. d4 Bc6 13. Bd3 Qb7 14. Bg5 h6 15.
Bh4 cxd4 16. cxd4 Rfe8 17. Nc2 a5 18. b4 Qa7 19. Nd2 Rac8 20. Bg3 1/2-1/2

[Event "1st Grand Prix, Knockout 2019"]
[Site "Moscow RUS"]
[Date "2019.05.21"]
[Round "2"]
[White "Dubov, Daniil"]
[Black "Nakamura, Hikaru"]
[Result "1/2-1/2"]
[WhiteElo "2690"]
[BlackElo "2761"]
[PlyCount "63"]
[EventDate "2019.05.17"]

1. d4 Nf6 2. c4 e6 3. Nf3 d5 4. g3 Be7 5. Bg2 O-O 6. O-O dxc4 7. Qc2 b5 8. a4
b4 9. Nbd2 Bb7 10. Nxc4 c5 11. dxc5 Be4 12. Qd2 Nbd7 13. Nfe5 Bxg2 14. Kxg2
Bxc5 15. Nxd7 Nxd7 16. b3 Nb6 17. Qxd8 Rfxd8 18. Nxb6 Bxb6 19. a5 Bd4 20. Ra4
a6 21. Rxb4 Bc3 22. Rc4 Bxa5 23. b4 Bb6 24. Bf4 h6 25. Rc6 Bd4 26. Bc7 Rd5 27.
Rd1 Rc8 28. Rdc1 Bf6 29. Bd6 Rd8 30. Bc7 Rc8 31. Bd6 Rd8 32. Bc7 1/2-1/2

[Event "1st Grand Prix, Knockout 2019"]
[Site "Moscow RUS"]
[Date "2019.05.21"]
[Round "2"]
[White "So, Wesley"]
[Black "Grischuk, Alexander"]
[Result "1/2-1/2"]
[WhiteElo "2754"]
[BlackElo "2772"]
[PlyCount "136"]
[EventDate "2019.05.17"]

1. e4 c5 2. Nf3 Nc6 3. d4 cxd4 4. Nxd4 Nf6 5. Nc3 e5 6. Ndb5 d6 7. Bg5 a6 8.
Na3 b5 9. Nd5 Be7 10. Bxf6 Bxf6 11. c3 Bg5 12. Nc2 Rb8 13. Be2 O-O 14. O-O a5
15. Na3 Na7 16. Qd3 Kh8 17. Rfd1 Be6 18. Ne3 b4 19. Nac4 Nb5 20. cxb4 axb4 21.
Nxd6 Nxd6 22. Qxd6 Bxe3 23. Qxd8 Rfxd8 24. fxe3 Rdc8 25. Rd2 g6 26. Kf2 Kg7 27.
Bd1 Ra8 28. a4 bxa3 29. Rxa3 Rab8 30. Ra5 Rc4 31. Rxe5 Rcb4 32. Ra5 Rxb2 33.
Rxb2 Rxb2+ 34. Kg3 h6 35. h4 Bd7 36. Bf3 Rb5 37. Rxb5 Bxb5 38. Kf4 Kf6 39. e5+
Ke6 40. Bg4+ Ke7 41. Bc8 Bc4 42. g4 Kd8 43. Bb7 Ke7 44. g5 hxg5+ 45. Kxg5 Ke6
46. Kf4 Ke7 47. Ke4 Be6 48. Bd5 Bc8 49. Kf4 Kf8 50. Bf3 Be6 51. Bg4 Bb3 52. Kg5
Kg7 53. Bd7 Bc4 54. Bc6 Be6 55. Kf4 Kf8 56. Ke4 Ke7 57. Bd5 Bc8 58. Kf4 Kf8 59.
Bc4 Bh3 60. Bb3 Bc8 61. Bd5 Kg7 62. Kg5 Bd7 63. Bc4 Bc8 64. Kf4 Kf8 65. Bb3 Bh3
66. e6 f6 67. Kg3 Bf5 68. Kf4 Bh3 1/2-1/2

[Event "1st Grand Prix, Knockout 2019"]
[Site "Moscow RUS"]
[Date "2019.05.21"]
[Round "2"]
[White "Nepomniachtchi, Ian"]
[Black "Wei, Yi"]
[Result "1/2-1/2"]
[WhiteElo "2773"]
[BlackElo "2736"]
[PlyCount "135"]
[EventDate "2019.05.17"]

1. e4 e5 2. Nf3 Nc6 3. Bb5 a6 4. Ba4 Nf6 5. O-O Nxe4 6. d4 b5 7. Bb3 d5 8. dxe5
Be6 9. Nbd2 Be7 10. c3 O-O 11. Bc2 f5 12. exf6 Nxf6 13. Re1 Qd7 14. a4 Bf5 15.
Bxf5 Qxf5 16. axb5 axb5 17. Rxa8 Rxa8 18. Nf1 Qd7 19. Bg5 Rd8 20. Ng3 h6 21.
Bxf6 Bxf6 22. Nh5 Qf5 23. Nxf6+ Qxf6 24. Qb3 b4 25. cxb4 Nd4 26. Nxd4 Qxd4 27.
Rd1 Qe5 28. g3 Kh8 29. Qc3 d4 30. Qd3 c6 31. b3 Qd6 32. Rc1 Rb8 33. h4 Rxb4 34.
Qa6 Rb8 35. Rxc6 Qd5 36. Rc8+ Rxc8 37. Qxc8+ Kh7 38. Qc4 Qf3 39. Qxd4 Qxb3 40.
Qe4+ Kh8 41. Kg2 Qf7 42. g4 Qf6 43. Kg3 g5 44. hxg5 hxg5 45. Qf5 Qe7 46. Kf3
Kg7 47. Qe4 Qf6+ 48. Qf5 Qe7 49. Qd5 Qf6+ 50. Ke2 Qb2+ 51. Qd2 Qb5+ 52. Qd3
Qb2+ 53. Kf1 Qc1+ 54. Kg2 Qc6+ 55. f3 Qe6 56. Qd4+ Qf6 57. Qb4 Qe5 58. Kf2 Kf7
59. Qe4 Qb2+ 60. Ke3 Qc3+ 61. Ke2 Qb2+ 62. Kd3 Qb3+ 63. Kd4 Qb4+ 64. Ke5 Qb2+
65. Qd4 Qe2+ 66. Qe4 Qb2+ 67. Qd4 Qe2+ 68. Qe4 1/2-1/2

[Event "1st Grand Prix, Knockout 2019"]
[Site "Moscow RUS"]
[Date "2019.05.21"]
[Round "2"]
[White "Wojtaszek, Radoslaw"]
[Black "Svidler, Peter"]
[Result "1-0"]
[WhiteElo "2724"]
[BlackElo "2739"]
[PlyCount "83"]
[EventDate "2019.05.17"]

1. d4 Nf6 2. c4 g6 3. f3 e6 4. e4 c5 5. d5 d6 6. Nc3 Bg7 7. Nge2 O-O 8. Ng3
exd5 9. cxd5 a6 10. a4 h5 11. Bg5 Qe8 12. Bd3 Nh7 13. Bf4 Qe7 14. Nge2 Nd7 15.
O-O Ne5 16. Bc2 Rb8 17. a5 b5 18. axb6 Rxb6 19. Bc1 h4 20. f4 Ng4 21. h3 Ngf6
22. Ra2 Bd7 23. Qe1 Nh5 24. Be3 Rfb8 25. b3 Rxb3 26. Bxb3 Rxb3 27. Bd2 Bd4+ 28.
Kh2 N7f6 29. Rf3 Rb4 30. Rxa6 Rc4 31. Ra7 Qd8 32. Qa1 Nxe4 33. Ra8 Bc8 34. Qa6
Nxd2 35. Rxc8 Nxf3+ 36. gxf3 Qxc8 37. Qxc8+ Kg7 38. Nxd4 Rxd4 39. Qd8 Rd2+ 40.
Kg1 Nxf4 41. Qxd6 Nxh3+ 42. Kf1 1-0

[Event "Top 12 (French League) 2019"]
[Site "Brest FRA"]
[Date "2019.05.22"]
[Round "5"]
[White "Santos Ruiz, Miguel"]
[Black "Vachier-Lagrave, Maxime"]
[Result "1/2-1/2"]
[WhiteElo "2549"]
[BlackElo "2780"]
[PlyCount "56"]
[EventDate "2019.05.18"]
[WhiteTeam "Grasse Echecs"]
[BlackTeam "Asnieres - Le Grand Echiquier"]

1. e4 c5 2. Nf3 d6 3. d4 cxd4 4. Nxd4 Nf6 5. Nc3 a6 6. h3 e5 7. Nde2 b5 8. g4
Bb7 9. Bg2 b4 10. Nd5 Nxd5 11. exd5 Be7 12. a3 a5 13. Be3 O-O 14. Qd2 Nd7 15.
axb4 axb4 16. O-O Ba6 17. Rfc1 Qc7 18. Ng3 Rfb8 19. c4 bxc3 20. Rxc3 Qd8 21.
Rca3 Bb5 22. Rxa8 Rxa8 23. Rxa8 Qxa8 24. Qb4 Qa6 25. Ne4 Bd3 26. Qa3 Kf8 27.
Qxa6 Bxa6 28. Bf1 Bb7 1/2-1/2

[Event "Top 12 (French League) 2019"]
[Site "Brest FRA"]
[Date "2019.05.22"]
[Round "5"]
[White "Harikrishna, Pentala"]
[Black "Hera, Imre Jr"]
[Result "1/2-1/2"]
[WhiteElo "2730"]
[BlackElo "2611"]
[PlyCount "59"]
[EventDate "2019.05.18"]
[WhiteTeam "Asnieres - Le Grand Echiquier"]
[BlackTeam "Grasse Echecs"]

1. e4 d5 2. exd5 Qxd5 3. Nc3 Qa5 4. d4 Nf6 5. Nf3 c6 6. Bc4 Bf5 7. Ne5 e6 8. g4
Bg6 9. h4 Nbd7 10. Nxd7 Nxd7 11. h5 Be4 12. O-O Bd5 13. Nxd5 cxd5 14. Bd3 Bd6
15. c3 O-O-O 16. Qf3 Rdf8 17. Be3 Kb8 18. Rfc1 f5 19. gxf5 exf5 20. Bg5 Nf6 21.
c4 dxc4 22. Rxc4 Qd5 23. Qxf5 Qxf5 24. Bxf5 Nxh5 25. Bg4 Nf4 26. Re1 h5 27.
Bxf4 Bxf4 28. Bh3 Rf7 29. d5 g5 30. Be6 1/2-1/2

[Event "Top 12 (French League) 2019"]
[Site "Brest FRA"]
[Date "2019.05.23"]
[Round "6"]
[White "Eljanov, Pavel"]
[Black "Amin, Bassem"]
[Result "0-1"]
[WhiteElo "2661"]
[BlackElo "2704"]
[PlyCount "72"]
[EventDate "2019.05.18"]
[WhiteTeam "Nice Alekhine"]
[BlackTeam "Clichy-Echecs-92"]

1. e4 e5 2. Nf3 Nc6 3. Bb5 a6 4. Ba4 Nf6 5. d3 d6 6. c3 Be7 7. O-O O-O 8. Re1
Re8 9. Nbd2 Bf8 10. Nf1 h6 11. Ng3 b5 12. Bc2 d5 13. Qe2 Be6 14. h3 Qd7 15. Rd1
d4 16. Bd2 Bc5 17. Nh2 a5 18. Qf3 Kh7 19. Ne2 a4 20. a3 dxc3 21. Bxc3 Nd4 22.
Nxd4 Bxd4 23. Qe2 Ra6 24. Nf3 Bxh3 25. gxh3 Qxh3 26. Nh2 Nh5 27. Kh1 Bxf2 28.
Rg1 Bxg1 29. Rxg1 Ng3+ 30. Rxg3 Qxg3 31. d4 Rg6 32. Qf1 Ree6 33. dxe5 Rg5 34.
Be1 Qe3 35. Qf2 Qc1 36. Qd2 Reg6 0-1

[Event "Top 12 (French League) 2019"]
[Site "Brest FRA"]
[Date "2019.05.24"]
[Round "7"]
[White "Harikrishna, Pentala"]
[Black "Nihal, Sarin"]
[Result "1/2-1/2"]
[WhiteElo "2730"]
[BlackElo "2598"]
[PlyCount "131"]
[EventDate "2019.05.18"]
[WhiteTeam "Asnieres - Le Grand Echiquier"]
[BlackTeam "Mulhouse Philidor"]

1. Nf3 c5 2. e3 Nc6 3. Bb5 Nf6 4. O-O g6 5. d4 cxd4 6. exd4 d5 7. Ne5 Bd7 8.
Nxd7 Qxd7 9. c3 Ne4 10. Bf4 Bg7 11. Nd2 Nxd2 12. Qxd2 a6 13. Bxc6 bxc6 14. Bh6
O-O 15. Bxg7 Kxg7 16. Rae1 e6 17. Re3 Qe7 18. Rh3 h5 19. Re1 Rh8 20. Qf4 h4 21.
Qe5+ Qf6 22. Qd6 Qg5 23. Rf3 h3 24. g3 Qd2 25. Kf1 Raf8 26. Qe5+ Kg8 27. Qe2
Qxe2+ 28. Kxe2 Rb8 29. b3 Kg7 30. g4 Rh4 31. Rg1 Re8 32. Re3 g5 33. Kd2 Kg6 34.
c4 dxc4 35. bxc4 Rb8 36. Rb3 Rxb3 37. axb3 f5 38. f3 Rh8 39. Ra1 Rf8 40. Ke3
Rb8 41. gxf5+ Kxf5 42. Ra5+ Kf6 43. Rxa6 Rxb3+ 44. Kf2 Rd3 45. Rxc6 Rxd4 46.
Kg3 Kf5 47. Rc8 e5 48. c5 Rc4 49. c6 Ke6 50. Kxh3 Kd6 51. Rd8+ Kc7 52. Re8 Kd6
53. Rg8 e4 54. Rg6+ Kc7 55. fxe4 Rxe4 56. Kg3 Re8 57. Kg4 Rh8 58. h3 Rh4+ 59.
Kg3 Rh5 60. Re6 Rh8 61. Re5 Kxc6 62. Rxg5 Kd6 63. h4 Ke6 64. h5 Kf7 65. Kh4 Rg8
66. Rxg8 1/2-1/2

[Event "Top 12 (French League) 2019"]
[Site "Brest FRA"]
[Date "2019.05.25"]
[Round "8"]
[White "Rodshtein, Maxim"]
[Black "Amin, Bassem"]
[Result "1-0"]
[WhiteElo "2699"]
[BlackElo "2704"]
[PlyCount "81"]
[EventDate "2019.05.18"]
[WhiteTeam "Bischwiller"]
[BlackTeam "Clichy-Echecs-92"]

1. c4 e5 2. Nc3 Nc6 3. g3 f5 4. Bg2 Nf6 5. d3 Bb4 6. Bd2 O-O 7. Nd5 Bxd2+ 8.
Qxd2 d6 9. e3 Be6 10. Ne2 Bxd5 11. cxd5 Ne7 12. e4 c6 13. dxc6 bxc6 14. O-O Qb6
15. Rac1 Rab8 16. b3 c5 17. Rc4 fxe4 18. dxe4 Nc6 19. Nc3 Nd4 20. f4 Qa5 21.
Kh1 Nd7 22. Ra4 Qc7 23. Nd5 Qb7 24. Ne7+ Kh8 25. Nf5 Nb6 26. Ra5 Qc7 27. fxe5
dxe5 28. Rc1 Rbd8 29. Raxc5 Nxf5 30. Rxc7 Rxd2 31. exf5 Rxa2 32. Re7 Rb2 33.
Be4 Re2 34. Bd3 Rd2 35. f6 gxf6 36. Bf5 Nd5 37. Rxh7+ Kg8 38. Rd7 Kh8 39. Be6
e4 40. Rxd5 e3 41. Rxd2 1-0

[Event "Top 12 (French League) 2019"]
[Site "Brest FRA"]
[Date "2019.05.25"]
[Round "8"]
[White "Vachier-Lagrave, Maxime"]
[Black "Lagarde, Maxime"]
[Result "1-0"]
[WhiteElo "2780"]
[BlackElo "2600"]
[PlyCount "91"]
[EventDate "2019.05.18"]
[WhiteTeam "Asnieres - Le Grand Echiquier"]
[BlackTeam "Nice Alekhine"]

1. Nf3 Nf6 2. g3 g6 3. Bg2 Bg7 4. O-O O-O 5. d4 d6 6. a4 a5 7. b3 b6 8. Bb2 Bb7
9. c4 e6 10. Re1 Ne4 11. Nfd2 f5 12. e3 c5 13. Nxe4 fxe4 14. Nc3 d5 15. dxc5
Na6 16. c6 Bxc6 17. cxd5 exd5 18. Rc1 Nc5 19. Ba3 Rf7 20. Bxc5 bxc5 21. Re2 Qg5
22. Nb5 Bf8 23. Rd2 Re8 24. Rdc2 Re5 25. Qe1 Ref5 26. Bh3 R5f6 27. Qxa5 Qh6 28.
Bg2 d4 29. Qe1 d3 30. Rd2 Qg5 31. Rc4 Qf5 32. Nc3 Re6 33. Qf1 g5 34. f3 exf3
35. Bh3 Qe5 36. Bxe6 Qxe3+ 37. Qf2 Qxe6 38. Rxd3 g4 39. Re3 Qd7 40. Ne4 h5 41.
Nxc5 Qf5 42. Ne6 Bd5 43. Rf4 Bxe6 44. Rxf5 Bxf5 45. Re8 Kh7 46. Qe3 1-0

[Event "1st Grand Prix 2019, ((tie-break)) 2019"]
[Site "Moscow RUS"]
[Date "2019.05.22"]
[Round "2"]
[White "Dubov, Daniil"]
[Black "Nakamura, Hikaru"]
[Result "0-1"]
[WhiteElo "2690"]
[BlackElo "2761"]
[PlyCount "158"]
[EventDate "2019.05.17"]

1. c4 e5 2. Nc3 Nf6 3. Nf3 Nc6 4. g3 d5 5. cxd5 Nxd5 6. Bg2 Nb6 7. O-O Be7 8.
b3 O-O 9. Bb2 Re8 10. Rc1 Bf8 11. d3 Nd4 12. e3 Nxf3+ 13. Qxf3 c6 14. Rfd1 Qg5
15. h4 Qg4 16. Ne4 Qxf3 17. Bxf3 a5 18. Nc5 a4 19. d4 axb3 20. axb3 Ra2 21. Bc3
Nd5 22. Bxd5 cxd5 23. Nd3 Bg4 24. Rd2 Rxd2 25. Bxd2 exd4 26. exd4 Bf5 27. Nc5
Re2 28. Be3 Rb2 29. Nxb7 Rxb3 30. Nc5 Rb4 31. Ra1 f6 32. Ra8 Kf7 33. Rd8 Be7
34. Rxd5 Bc8 35. Kf1 Rb5 36. Ke2 Be6 37. Nxe6 Rxd5 38. Nc5 f5 39. Nd3 Bd6 40.
Kf3 Bc7 41. Nf4 Ra5 42. Ne2 Ra3 43. Nf4 Rb3 44. Nd5 Bb8 45. Nf4 Ba7 46. Ke2 Ra3
47. Nd3 Ke6 48. Nf4+ Kd6 49. Nh5 g6 50. Nf4 Bb6 51. Kd2 Kc6 52. Ke2 Kd6 53. Kd2
Bd8 54. Ke2 Bf6 55. Kd2 Kc6 56. Ke2 Kb5 57. h5 g5 58. Nd5 Bd8 59. Bd2 Ra7 60.
Kd3 Rd7 61. Ne3 Rf7 62. Nc4 Rf8 63. Ne5 Be7 64. f3 Ra8 65. Nf7 Ra3+ 66. Ke2 Kc4
67. Bxg5 Bb4 68. Ne5+ Kd5 69. Nd3 Ra2+ 70. Kf1 Bd2 71. Bf6 Kc4 72. Ne5+ Kxd4
73. g4 Bf4 74. Ng6+ Ke3 75. Nh4 fxg4 76. fxg4 h6 77. Kg1 Bh2+ 78. Kf1 Rf2+ 79.
Ke1 Rxf6 0-1

[Event "1st Grand Prix 2019, ((tie-break)) 2019"]
[Site "Moscow RUS"]
[Date "2019.05.22"]
[Round "2"]
[White "So, Wesley"]
[Black "Grischuk, Alexander"]
[Result "1/2-1/2"]
[WhiteElo "2754"]
[BlackElo "2772"]
[PlyCount "57"]
[EventDate "2019.05.17"]

1. e4 c5 2. Nf3 Nc6 3. d4 cxd4 4. Nxd4 Nf6 5. Nc3 e5 6. Ndb5 d6 7. Bg5 a6 8.
Na3 b5 9. Bxf6 gxf6 10. Nd5 f5 11. Bd3 Be6 12. O-O Bxd5 13. exd5 Ne7 14. Re1
Bg7 15. c3 O-O 16. Nc2 f4 17. a4 bxa4 18. Nb4 f5 19. Bxa6 Ng6 20. Qh5 Qb6 21.
Rxa4 e4 22. Rea1 Kh8 23. Bf1 Rxa4 24. Rxa4 f3 25. Ra6 Qc5 26. Rc6 Qa7 27. Ra6
Qc5 28. Rc6 Qa7 29. Ra6 1/2-1/2

[Event "1st Grand Prix 2019, ((tie-break)) 2019"]
[Site "Moscow RUS"]
[Date "2019.05.22"]
[Round "2"]
[White "Wei, Yi"]
[Black "Nepomniachtchi, Ian"]
[Result "1/2-1/2"]
[WhiteElo "2736"]
[BlackElo "2773"]
[PlyCount "139"]
[EventDate "2019.05.17"]

1. e4 c5 2. Nf3 d6 3. d4 cxd4 4. Nxd4 Nf6 5. Nc3 a6 6. Bg5 e6 7. f4 Qb6 8. Qd2
Qxb2 9. Rb1 Qa3 10. f5 Be7 11. fxe6 Bxe6 12. Nxe6 fxe6 13. Bc4 Nbd7 14. Bxe6
Nc5 15. Bf5 g6 16. Bh3 Nfxe4 17. Nxe4 Nxe4 18. Qd4 Qc3+ 19. Qxc3 Nxc3 20. Bxe7
Kxe7 21. Rb3 Ne4 22. Rxb7+ Kf6 23. O-O+ Kg5 24. g3 Rab8 25. Ra7 Rb2 26. Bg2 d5
27. h4+ Kg4 28. Kh2 Nxg3 29. Bh3+ Kxh4 30. Rf4+ Kg5 31. Kxg3 Rxa2 32. Rg4+ Kh6
33. Rc7 Ra3+ 34. c3 Re8 35. Rh4+ Kg5 36. Rg4+ Kh6 37. Kf3 Re1 38. Rh4+ Kg5 39.
Rg4+ Kh6 40. Rh4+ Kg5 41. Rd4 Re5 42. Rc5 h5 43. Bd7 h4 44. Bc6 Rf5+ 45. Ke3 h3
46. Rdxd5 h2 47. Rxf5+ gxf5 48. Be4 Kh4 49. Bf3 Kg3 50. Rc8 f4+ 51. Ke4 Ra4+
52. c4 Ra3 53. Rg8+ Kh4 54. Rh8+ Kg3 55. Rg8+ Kh4 56. Bh1 Ra1 57. Rh8+ Kg3 58.
Rg8+ Kh4 59. Bg2 Ra2 60. Kf3 Rc2 61. Rg4+ Kh5 62. Rxf4 Rc1 63. Ke3 Kg5 64. Re4
Rg1 65. Kf3 Rf1+ 66. Ke2 Rg1 67. Kf2 h1=Q 68. Bxh1 Rxh1 69. Re5+ Kf6 70. Ra5
1/2-1/2

[Event "1st Grand Prix 2019, ((tie-break)) 2019"]
[Site "Moscow RUS"]
[Date "2019.05.22"]
[Round "2"]
[White "Nakamura, Hikaru"]
[Black "Dubov, Daniil"]
[Result "1/2-1/2"]
[WhiteElo "2761"]
[BlackElo "2690"]
[PlyCount "95"]
[EventDate "2019.05.17"]

1. c4 e5 2. g3 Nf6 3. Nc3 Bb4 4. Bg2 Nc6 5. Nf3 Bxc3 6. bxc3 O-O 7. O-O e4 8.
Nd4 Ne5 9. d3 c5 10. Nc2 exd3 11. exd3 d5 12. Bf4 Ng6 13. Be3 Bg4 14. f3 Bf5
15. Bxc5 dxc4 16. Bxf8 Nxf8 17. Rf2 Bxd3 18. Bf1 Ne6 19. Bxd3 cxd3 20. Ne1 Nc5
21. Rd2 Nd5 22. Nxd3 Nxc3 23. Qe1 Nxd3 24. Qe3 Qf6 25. Qxd3 b5 26. Re1 h5 27.
a3 a5 28. Qd4 Qxd4+ 29. Rxd4 Rb8 30. Re7 b4 31. axb4 axb4 32. Rdd7 Rf8 33. Rb7
Nd5 34. Red7 Nf6 35. Rd2 Rc8 36. Rxb4 Rc3 37. Kg2 g6 38. h3 Kg7 39. Rb7 Ra3 40.
h4 Ra4 41. Kf2 Rc4 42. Ra2 Ng8 43. Rba7 Nh6 44. R7a4 Rc3 45. R4a3 Rc4 46. Ra4
Rc3 47. R4a3 Rc4 48. Ra4 1/2-1/2

[Event "1st Grand Prix 2019, ((tie-break)) 2019"]
[Site "Moscow RUS"]
[Date "2019.05.22"]
[Round "2"]
[White "Grischuk, Alexander"]
[Black "So, Wesley"]
[Result "1-0"]
[WhiteElo "2772"]
[BlackElo "2754"]
[PlyCount "121"]
[EventDate "2019.05.17"]

1. d4 Nf6 2. c4 e6 3. Nf3 d5 4. Nc3 c5 5. cxd5 cxd4 6. Qxd4 exd5 7. e4 Nc6 8.
Bb5 dxe4 9. Qxd8+ Kxd8 10. Ng5 Be6 11. Nxe6+ fxe6 12. Bxc6 bxc6 13. Ke2 Bb4 14.
Na4 Ke7 15. Rd1 Rhd8 16. Rxd8 Rxd8 17. Be3 Ra8 18. Rc1 Kd7 19. Rc4 Bd6 20. b3
Nd5 21. Rxe4 Nxe3 22. Kxe3 Rf8 23. h3 Rf5 24. Ke2 h5 25. Nb2 Bc5 26. Nd3 Kd6
27. h4 Bb6 28. g3 Ra5 29. a4 g5 30. b4 Rd5 31. hxg5 Rxg5 32. a5 Bc7 33. Nc5 e5
34. Re3 Rg4 35. Ne4+ Ke7 36. f3 Rg6 37. Rc3 Kd7 38. Rc1 Bd6 39. Rd1 Kc7 40.
Nxd6 Rxd6 41. Rh1 Rg6 42. Rxh5 Rxg3 43. Rxe5 Kd6 44. Re4 Rg5 45. Rc4 Rg1 46.
Ke3 Kd5 47. Rc5+ Kd6 48. Ke4 Re1+ 49. Kf5 Rb1 50. Rc4 Kd5 51. Re4 c5 52. Re5+
Kd4 53. bxc5 Rb5 54. f4 Rxa5 55. Ke6 Ra6+ 56. Kd7 Rf6 57. c6 Rxf4 58. Ra5 Rf7+
59. Kc8 Kc4 60. c7 Kb4 61. Rxa7 1-0

[Event "1st Grand Prix 2019, ((tie-break)) 2019"]
[Site "Moscow RUS"]
[Date "2019.05.22"]
[Round "2"]
[White "Nepomniachtchi, Ian"]
[Black "Wei, Yi"]
[Result "1-0"]
[WhiteElo "2773"]
[BlackElo "2736"]
[PlyCount "89"]
[EventDate "2019.05.17"]

1. e4 c6 2. Nf3 d5 3. Nc3 g6 4. d4 Bg7 5. h3 dxe4 6. Nxe4 Nf6 7. Nxf6+ exf6 8.
Bc4 O-O 9. O-O a5 10. a4 Nd7 11. Bf4 Nb6 12. Bb3 Nd5 13. Bh2 Be6 14. Re1 h5 15.
Nd2 f5 16. c3 Bh6 17. Nc4 f4 18. Ne5 Qg5 19. Qf3 Rae8 20. Re2 f6 21. h4 Qf5 22.
Bc2 Qxc2 23. Rxc2 fxe5 24. dxe5 Bg4 25. Qd3 Bf5 26. Qd1 Bxc2 27. Qxc2 Re6 28.
Re1 Bg7 29. c4 Nb4 30. Qd2 Rxe5 31. Rxe5 Bxe5 32. g3 fxg3 33. Bxg3 Bxg3 34.
fxg3 c5 35. Qd7 Rf7 36. Qd8+ Kg7 37. Qxa5 Na6 38. Qb6 Kh7 39. Kg2 Kh6 40. a5
Kh7 41. Qd6 Kg7 42. g4 hxg4 43. Kg3 Kh7 44. Kxg4 Kg7 45. Qe6 1-0

[Event "1st Grand Prix, Knockout 2019"]
[Site "Moscow RUS"]
[Date "2019.05.23"]
[Round "5"]
[White "Nakamura, Hikaru"]
[Black "Grischuk, Alexander"]
[Result "1/2-1/2"]
[WhiteElo "2761"]
[BlackElo "2771"]
[PlyCount "70"]
[EventDate "2019.05.17"]

1. e4 e5 2. Nf3 Nc6 3. Bc4 Nf6 4. d3 Bc5 5. O-O d6 6. c3 a6 7. a4 Ba7 8. Re1
O-O 9. h3 h6 10. Nbd2 Re8 11. Qb3 Qe7 12. a5 b5 13. axb6 cxb6 14. Bd5 Qc7 15.
Qc4 Bb7 16. Bxc6 Bxc6 17. Rxa6 Qb7 18. Ra3 b5 19. Qb3 Rac8 20. Qa2 Bb6 21. b4
d5 22. Qc2 Re6 23. Nh4 Nh5 24. Nb3 dxe4 25. dxe4 Nf6 26. Nd2 Rd8 27. Nhf3 Rc8
28. Bb2 Qe7 29. c4 bxc4 30. Qxc4 Nh5 31. Nf1 Nf4 32. Ng3 Qe8 33. Rc1 Rd8 34.
Qc2 Bb5 35. Rd1 Rc8 1/2-1/2